000 01218nam0a22002771 4500
001 rc\3448981
005 20260408093215.0
021 _aRU
_bРг919-72
021 _aRU
_b71-84234
035 _a(NLR Aleph) 007572497
090 _a5420955
_c5420955
100 _a20130115d1971 |||y0rusy50 ca
101 0 _arus
102 _aRU
105 _ay z |||||
200 1 _aГормональные факторы индивидуального развития
_eМатериалы симпозиума
_f[Ред. коллегия: М.С. Мицкевич (отв. ред.) и др.]
_gИн-т биологии развития АН СССР. Ин-т морфологии человека АМН СССР. V Симпозиум по биологии развития. Москва. 15-17 ноября 1971 г.
210 _aМосква
_cБ. и.
_d1971
215 _a89 с.
_d27
702 1 _aМицкевич
_bМ.С.
_gМихаил Семенович
_4340
712 1 2 _aСимпозиум по биологии развития
_d5
_f1971
_eМосква
_3RU\NLR\AUTH\8810233373
_9351871
801 0 _aRU
_bNLR
_gpsbo
801 1 _aRU
_bELAR
_2rusmarc
852 _aNLR
_j72-7/12
942 _cBOOK
980 _aNB